000 00329 a2200157 4500
001 184713
020 _a
040 _cMagnum
100 _aD´assumpção, Gislaine Maria
240 1 0 _aPingo de luz
_lpor
245 1 0 _aPingo de luz
300 _a43
362 0 _a1987
697 _aLITERATURA INFANTO-JUVENIL
942 _cBK
999 _c184713
_d184713